Problematika odškodnenia minoritných akcionárov v procese squeeze out

Podstata squeeze out. Squeeze out vo svete a v Slovenskej republike. Problémy pri squeeze out.

Na minha lista:
Detalhes bibliográficos
Autor principal: Jakubec, Miroslav
Outros Autores: Kardoš, Peter
Formato: Capítulo de Livro
Idioma:eslovaco
Assuntos:
Tags: Adicionar Tag
Sem tags, seja o primeiro a adicionar uma tag!

MARC

LEADER 00000naa$a2200000$$$4500
001 0089839
005 20240502072013.5
041 0 |a slo 
044 |a SK 
245 1 0 |a Problematika odškodnenia minoritných akcionárov v procese squeeze out  |c Miroslav Jakubec, Peter Kardoš 
520 |a Podstata squeeze out. Squeeze out vo svete a v Slovenskej republike. Problémy pri squeeze out. 
610 2 0 |a spoločnosti akciové 
610 2 0 |a akcionári 
610 2 0 |a papiere cenné 
610 2 0 |a rozhodovanie 
610 2 0 |a riadenie 
610 2 0 |a posudky znalecké 
610 2 0 |a Slovensko 
610 2 0 |a svet 
100 1 |a Jakubec, Miroslav 
700 1 |a Kardoš, Peter